00665nam a2200169Ia 4500008004100000020001800041082001700059100002000076245014000096260002200236300000900258500001900267650004100286700005700327952009400384999001700478120629s9999 xx 000 0 und d a968-6297-95-2 a378.72 G212a aGarritz, Andoni aAntecedentes escolares y avances en la educación superior : resultados de un triage educativo / Andoni Garritz (coord.) ; ...[et al.] aMéxico : ANUIES a72 p aBibliografía a1. EDUCACION SUPERIOR-MEXICO-ENSAYOS aGarritz, Andoni; coaut. \ Alvarez, Sergio; coord.Ì 00104070a15b15d2007-05-08l0o378.72 G212Ap15 002153r2017-12-07t1w2012-06-28yLB c75832d75832